000 00353nam a22001337a 4500
005 20250725151756.0
008 250725b |||||||| |||| 00| 0 eng d
050 _aREF BS425
_bSTR
100 _aJAMES STRONG
245 _aSTRONG'S EXHAUSTIVE CONCORDANCE OF THE BIBLE
260 _aNASHVILLE
_bABINGDON PRESS
_c1980
300 _a1793p
942 _2lcc
_cBK
_n0
999 _c7182
_d7182